000 00602nam a2200181 a 4500
008 120416s1984 ||||||||||||||||| || u
050 _aHD 1387 Ene
100 _aEnever, Nigel
245 1 4 _aThe valuation of property investments. (3rd ed.)
250 _a3rd ed.
260 _aLondon:
_bThe Estate Gazette Ltd
_c1984
300 _aLx, 212p.
350 _a0.00
650 _aREAL PROPERTY
650 _aINVESTMENTS
650 _aPROPERTY VALUATION
995 _D0.00
_FCBU-MAIN LIBRARY (Kitwe)
_H1
_I0.00
_M1
_UDAMAGED
_ZMain Library Open Access Collection
999 _c61211
_d61211